000 01572cam a2200445 i 4500
001 20917
003 CO-MdFUSB
005 20220924100304.0
008 160404t1949 uk |||f |||| 001 0 eengd
020 _a0674991133
040 _aCO-MdFUSB
_cCO-MdFUSB
_dCO-MdFUSB
_erda
_bEspañol
041 _aeng
082 _223
_aR 888.01
_bPl737p
100 1 _aPlutarch
_eautor
245 1 0 _aPlutarch :
_c/ Plutarch ; editado por Jefrey Henderson ; traducido por Bernadotte Perrin
_nX
_blives
264 1 _aLondon, England
_b : Harvard University Press,
_c[1949]
264 4 _c© 1949
300 _avol. 10 : x, 399 página
_c;
336 _2rdacontent
_atexto
_btxt
337 _2rdamedia
_asin mediación
_bn
338 _avolumen
_bnc
_2rdacarrier
347 _2rda
490 _aLoeb Classical Library ;
500 _aIncluye diccionario de nombres propios
504 _aIncluye referencias bibliográficas en el texto
505 _aAgis y Cleomenes -- Tiberius y Gaius Gracchus -- Comparación de Agis, Cleomenes y el Gracchi -- Philopoemen -- titus Flamininus -- Comparación de Ohilopoemen y Titus
540 _aConsulta en sala
650 7 _9109
_aLiteratura clásica
650 7 _9108
_aLiteratura griega
653 _aGrecia - Historia
653 _aRoma (Imperio) - Historia
653 _aBiografía
653 _aBiografía como forma literaria
700 _aHenderson, Jeffrey
_eeditor
_9110
700 1 _9134
_aPerrin, Bernadotte
_etraductor
942 _cREF
945 _aestudiante
999 _c63746
_d63746